| 000 | 00604nam a2200181Ia 4500 | ||
|---|---|---|---|
| 999 |
_c54821 _d54821 |
||
| 003 | GCL | ||
| 005 | 20240530105318.0 | ||
| 008 | 140319s9999 xx 000 0 ara d | ||
| 040 |
_aGCL / _cGCL |
||
| 082 | 0 | 4 |
_a250 _bس ك |
| 100 | 1 | _aسعيد حوى | |
| 245 | 1 | 0 |
_aكى لا نمضى بعيدا عن احتياجات العصر / _cسعيد حوى |
| 260 |
_a[S.N] : _bدار عمار للنشر والتوزيع ، _c1988 |
||
| 300 | _a504 ص | ||
| 490 |
_aدراسة منهجية هادفة فى فقه الدعوة والبناء _v0 |
||
| 650 | 0 | 4 | _aالفقه الاسلامى |
| 942 |
_2ddc _cBK |
||